The Fragile environment : (Record no. 9019)

MARC details
000 -LEADER
fixed length control field 01232pam a2200337 a 4500
001 - CONTROL NUMBER
control field 2438161
003 - CONTROL NUMBER IDENTIFIER
control field OSt
005 - DATE AND TIME OF LATEST TRANSACTION
control field 20240628120942.0
008 - FIXED-LENGTH DATA ELEMENTS--GENERAL INFORMATION
fixed length control field 880902s1989 enka b 001 0 eng
010 ## - LIBRARY OF CONGRESS CONTROL NUMBER
LC control number 88028551
020 ## - INTERNATIONAL STANDARD BOOK NUMBER
International Standard Book Number 0521363373
020 ## - INTERNATIONAL STANDARD BOOK NUMBER
Canceled/invalid ISBN 0521340837
020 ## - INTERNATIONAL STANDARD BOOK NUMBER
Canceled/invalid ISBN 0521335973 (pbk.)
040 ## - CATALOGING SOURCE
Transcribing agency must
082 00 - DEWEY DECIMAL CLASSIFICATION NUMBER
Classification number 333.7 FRA 1989
Edition number 19
245 04 - TITLE STATEMENT
Title The Fragile environment :
Remainder of title the Darwin College lectures /
Statement of responsibility, etc. edited by Laurie Friday and Ronald Laskey.
260 ## - PUBLICATION, DISTRIBUTION, ETC. (IMPRINT)
Place of publication, distribution, etc. Cambridge [England] ;
-- New York :
Name of publisher, distributor, etc. Cambridge University Press,
Date of publication, distribution, etc. 1989.
300 ## - PHYSICAL DESCRIPTION
Extent x, 198 p. :
Other physical details ill. ;
Dimensions 26 cm.
500 ## - GENERAL NOTE
General note Lectures delivered in Cambridge in 1987.
504 ## - BIBLIOGRAPHY, ETC. NOTE
Bibliography, etc Includes bibliographical references.
650 #0 - SUBJECT ADDED ENTRY--TOPICAL TERM
Topical term or geographic name as entry element Ecology.
9 (RLIN) 544
650 #0 - SUBJECT ADDED ENTRY--TOPICAL TERM
Topical term or geographic name as entry element Nature conservation.
9 (RLIN) 18339
650 #0 - SUBJECT ADDED ENTRY--TOPICAL TERM
Topical term or geographic name as entry element Conservation of natural resources.
9 (RLIN) 7083
700 1# - ADDED ENTRY--PERSONAL NAME
Personal name Friday, Laurie,
Dates associated with a name 1955-
9 (RLIN) 18340
700 1# - ADDED ENTRY--PERSONAL NAME
Personal name Laskey, R. A.
9 (RLIN) 18341
740 0# - ADDED ENTRY--UNCONTROLLED RELATED/ANALYTICAL TITLE
Uncontrolled related/analytical title Darwin College lecture series.
856 42 - ELECTRONIC LOCATION AND ACCESS
Materials specified Publisher description
Uniform Resource Identifier <a href="http://www.loc.gov/catdir/description/cam041/88028551.html">http://www.loc.gov/catdir/description/cam041/88028551.html</a>
856 41 - ELECTRONIC LOCATION AND ACCESS
Materials specified Table of contents
Uniform Resource Identifier <a href="http://www.loc.gov/catdir/toc/cam041/88028551.html">http://www.loc.gov/catdir/toc/cam041/88028551.html</a>
906 ## - LOCAL DATA ELEMENT F, LDF (RLIN)
a 7
b cbc
c orignew
d 1
e ocip
f 19
g y-gencatlg
942 ## - ADDED ENTRY ELEMENTS (KOHA)
Source of classification or shelving scheme Dewey Decimal Classification
Koha item type Open Shelf
Holdings
Withdrawn status Lost status Source of classification or shelving scheme Damaged status Not for loan Home library Current library Date acquired Source of acquisition Inventory number Total Checkouts Full call number Barcode Date last seen Price effective from Koha item type
    Other/Generic Classification Scheme     MUST Main Library MUST Main Library 28/06/2024 donation 2000/13566   333.7 FRA 1989 2024-21616 28/06/2024 28/06/2024 Open Shelf